Statistics for Zhejiang Province Quiz

Click here to take the quiz!

General Stats

  • This quiz has been taken 49 times
    (45 since last reset)
  • The average score is 14 of 18

Answer Stats

HintAnswer% Correct
Capital cityHang{zhou}
97%
13th century explorer from Italy who marvelled at the capital's wealthMarco Polo
90%
City with the world's fourth busiest port{Ning}bo
90%
Megacity-municipality on the northern borderShanghai
90%
Kuomintang leader born in the provinceChiang Kai-Shek
87%
Wuzhen (pictured) is often compared to this Italian city thanks to its scenic locationVenice
85%
Most-spoken language that is largely unintelligible from MandarinWu
85%
Paramount leader of China who governed Zhejiang 2002-2007Xi Jinping
85%
Bordering seaEast China Sea
82%
Construction that links the Yangtze and Yellow RiverGrand Canal
79%
Longjing is this kind of teaGreen tea
77%
The capital is home to Zhong Shanshan, China's richest person (2021). He made a fortune selling bottled...
Water
77%
World's largest retailerAlibaba
74%
Founder of mentioned retailer{Jack} Ma
72%
The same city is crucial to this trade route projectBelt and Road Initiative
67%
Yue features lavish costumes and actresses playing men. What is it?A kind of opera
64%
Geographic feature and UNESCO heritage site surrounded by many gardens and temples
West {Lake}
62%
"China's eBay", which belongs to mentioned retailerTao{bao}
59%

Score Distribution

Percentile by Number Answered

Percent of People with Each Score

Your Score History

You have not taken this quiz since the last reset